[Event "SA-2013-0-00389"]
[Site "LSS email"]
[Date "2014.01.10"]
[Round "?"]
[White "Torell, Harald"]
[Black "Korzh, Leonty"]
[Result "0-1"]
[WhiteElo "1942"]
[BlackElo "2089"]
[PlyCount "26"]
[EventDate "2013.12.30"]
[EventType "tourn (corr)"]
[EventRounds "6"]
[EventCountry "GER"]
[SourceTitle "Corr 2015"]
[Source "ChessBase"]
[SourceDate "2015.07.17"]
[SourceVersion "1"]
[SourceVersionDate "2015.07.17"]
[SourceQuality "1"]

1. e4 e5 2. Nf3 Nc6 3. Bb5 a6 4. Ba4 Nf6 5. 0-0 Be7 6. Re1 b5 7. Bb3 d6 8. c3 0-0 9. h3 Bb7 10. d4 h6 11. Nbd2 Re8 12. Nf1 Bf8 13. Ng3 Na5 0-1

[Event "SA-2013-0-00384"]
[Site "LSS email"]
[Date "2013.12.26"]
[Round "?"]
[White "Torell, Harald"]
[Black "Salzmann, Stefan"]
[Result "1/2-1/2"]
[WhiteElo "1941"]
[BlackElo "2103"]
[PlyCount "23"]
[EventDate "2013.11.30"]
[EventType "tourn (corr)"]
[EventRounds "6"]
[EventCountry "GER"]
[SourceTitle "Corr 2015"]
[Source "ChessBase"]
[SourceDate "2015.07.17"]
[SourceVersion "1"]
[SourceVersionDate "2015.07.17"]
[SourceQuality "1"]

1. e4 e6 2. d3 d5 3. Qe2 Nc6 4. Nf3 e5 5. c3 Nf6 6. Nbd2 Bd6 7. g3 0-0 8. Bg2 dxe4 9. Nxe4 Nxe4 10. dxe4 h6 11. 0-0 Bg4 12. Be3 1/2-1/2

[Event "SA-2013-0-00384"]
[Site "LSS email"]
[Date "2013.12.26"]
[Round "?"]
[White "Van Bommel, Ton"]
[Black "Torell, Harald"]
[Result "1-0"]
[WhiteElo "1841"]
[BlackElo "1941"]
[PlyCount "65"]
[EventDate "2013.11.30"]
[EventType "tourn (corr)"]
[EventRounds "6"]
[EventCountry "GER"]
[SourceTitle "Corr 2015"]
[Source "ChessBase"]
[SourceDate "2015.07.17"]
[SourceVersion "1"]
[SourceVersionDate "2015.07.17"]
[SourceQuality "1"]

1. e4 d6 2. Nf3 g6 3. c4 Bg7 4. d4 Bg4 5. Be3 c5 6. Nc3 cxd4 7. Bxd4 Nf6 8. Be2 Nc6 9. Be3 Nd7 10. Nd4 Bxe2 11. Ndxe2 Qa5 12. 0-0 a6 13. f4 0-0 14. a3 Qc7 15. b3 Rfc8 16. f5 e6 17. Rb1 Rab8 18. Qd2 Nde5 19. a4 Ng4 20. Kh1 Nxe3 21. Qxe3 Qe7 22. Qf3 Be5 23. Qf2 Re8 24. f6 Qf8 25. Qe3 h5 26. Rf3 Kh7 27. Rff1 Qh6 28. Qb6 Red8 29. Qf2 g5 30. b4 h4 31. b5 axb5 32. cxb5 Na5 33. Qb6 1-0

[Event "RA-2013-0-00298"]
[Site "LSS email"]
[Date "2013.11.21"]
[Round "?"]
[White "Kudr, Roman"]
[Black "Torell, Harald"]
[Result "1/2-1/2"]
[WhiteElo "2117"]
[BlackElo "1962"]
[PlyCount "73"]
[EventDate "2013.10.18"]
[EventType "tourn (corr)"]
[EventRounds "6"]
[EventCountry "GER"]
[SourceTitle "Telechess CBM 167"]
[Source "ChessBase"]
[SourceDate "2015.07.13"]
[SourceVersion "1"]
[SourceVersionDate "2015.07.13"]
[SourceQuality "1"]

1. c4 g6 2. g3 Bg7 3. Nc3 Nf6 4. Bg2 0-0 5. d4 d6 6. e4 c5 7. d5 e6 8. Nge2 exd5 9. cxd5 Nbd7 10. 0-0 Re8 11. a4 a6 12. Qc2 Rb8 13. b3 Ne5 14. f4 Ned7 15. Bf3 b5 16. axb5 axb5 17. Bb2 Nb6 18. Nd1 Bg4 19. Bxg4 Nxg4 20. Bxg7 Kxg7 21. h3 Nf6 22. Nf2 Qe7 23. Rfe1 Kg8 24. Kh2 b4 25. Ng1 Ra8 26. Rxa8 Rxa8 27. Nf3 Qa7 28. Kg2 Qa2 29. Qd3 Qa6 30. Qd2 Qa2 31. Qd3 Kg7 32. Re2 Qa6 33. Qd2 Re8 34. Re1 Ra8 35. Re2 Re8 36. Re1 Ra8 37. Re2 1/2-1/2

[Event "SM-2013-0-00276"]
[Site "LSS email"]
[Date "2013.11.12"]
[Round "?"]
[White "Kuzmin, Konstantin"]
[Black "Torell, Harald"]
[Result "1/2-1/2"]
[WhiteElo "2205"]
[BlackElo "2269"]
[PlyCount "46"]
[EventDate "2013.09.26"]
[EventType "tourn (corr)"]
[EventRounds "6"]
[EventCountry "GER"]
[SourceTitle "Corr 2022"]
[Source "ChessBase"]
[SourceDate "2021.10.24"]
[SourceVersion "1"]
[SourceVersionDate "2021.10.24"]
[SourceQuality "1"]

1. d4 d6 2. e4 Nf6 3. Nc3 g6 4. Be3 Bg7 5. Qd2 c6 6. f3 b5 7. g4 h5 8. g5 Nfd7 9. a3 Bb7 10. f4 a5 11. Nd1 Na6 12. Nf2 Nc7 13. c3 c5 14. Nf3 0-0 15. Rd1 cxd4 16. cxd4 d5 17. e5 Nb6 18. Bd3 e6 19. 0-0 b4 20. axb4 Nc4 21. Qe2 axb4 22. Rb1 Ra2 23. Rfc1 Qd7 1/2-1/2

[Event "RA-2013-0-00296"]
[Site "LSS email"]
[Date "2013.11.12"]
[Round "?"]
[White "O'Toole, Roger"]
[Black "Torell, Harald"]
[Result "1/2-1/2"]
[WhiteElo "2152"]
[BlackElo "1962"]
[PlyCount "46"]
[EventDate "2013.10.06"]
[EventType "tourn (corr)"]
[EventRounds "6"]
[EventCountry "GER"]
[SourceTitle "Telechess CBM 167"]
[Source "ChessBase"]
[SourceDate "2015.07.13"]
[SourceVersion "1"]
[SourceVersionDate "2015.07.13"]
[SourceQuality "1"]

1. e4 d6 2. d4 Nf6 3. Nc3 g6 4. Be3 Bg7 5. Qd2 c6 6. f3 Nbd7 7. g4 b5 8. h4 h5 9. g5 Nh7 10. Nh3 Nhf8 11. Nf4 Nb6 12. b3 a5 13. 0-0-0 b4 14. Nce2 Nfd7 15. Rg1 Qc7 16. Ng3 a4 17. Rg2 c5 18. Ngxh5 0-0 19. Kb1 cxd4 20. Bxd4 Bxd4 21. Qxd4 Ne5 22. Nf6+ exf6 23. gxf6 Qc3 1/2-1/2

[Event "RA-2013-0-00296"]
[Site "LSS email"]
[Date "2013.11.12"]
[Round "?"]
[White "Torell, Harald"]
[Black "Salzmann, Stefan"]
[Result "1/2-1/2"]
[WhiteElo "1962"]
[BlackElo "2104"]
[PlyCount "34"]
[EventDate "2013.10.06"]
[EventType "tourn (corr)"]
[EventRounds "6"]
[EventCountry "GER"]
[SourceTitle "Telechess CBM 167"]
[Source "ChessBase"]
[SourceDate "2015.07.13"]
[SourceVersion "1"]
[SourceVersionDate "2015.07.13"]
[SourceQuality "1"]

1. e4 c6 2. d4 d5 3. e5 Bf5 4. Nf3 e6 5. Be2 Ne7 6. 0-0 h6 7. Nbd2 Nd7 8. Nb3 g5 9. Ne1 Qc7 10. Nd3 Ng6 11. a4 0-0-0 12. a5 Kb8 13. Ra4 Ka8 14. Ne1 Ne7 15. Nd3 Ng6 16. Ne1 Ne7 17. Nd3 Ng6 1/2-1/2

[Event "ZH-2013-0-01132"]
[Site "LSS email"]
[Date "2013.10.29"]
[Round "?"]
[White "Usmanoff, Rustam Pulatovich"]
[Black "Torell, Harald"]
[Result "1/2-1/2"]
[WhiteElo "1164"]
[BlackElo "2115"]
[PlyCount "41"]
[EventDate "2013.10.17"]
[EventType "match (corr)"]
[EventRounds "2"]
[EventCountry "GER"]
[SourceTitle "Telechess CBM 163"]
[Source "ChessBase"]
[SourceDate "2014.11.11"]
[SourceVersion "2"]
[SourceVersionDate "2014.11.11"]
[SourceQuality "1"]

1. e4 d6 2. d4 Nf6 3. Nc3 g6 4. f4 Bg7 5. Bd3 Nc6 6. Nf3 Bg4 7. Be3 e5 8. dxe5 dxe5 9. Qd2 Nh5 10. f5 Bxf3 11. gxf3 Qh4+ 12. Bf2 Qh3 13. Nd5 0-0-0 14. 0-0-0 Nf4 15. Kb1 Qxf3 16. Nxf4 exf4 17. Rhf1 Qg4 18. Rg1 Qf3 19. Rgf1 Qg4 20. Rg1 Qf3 21. Rgf1 1/2-1/2

[Event "RA-2013-0-00294"]
[Site "LSS email"]
[Date "2013.10.19"]
[Round "?"]
[White "Catozzi, Mauro"]
[Black "Torell, Harald"]
[Result "1/2-1/2"]
[WhiteElo "2109"]
[BlackElo "1962"]
[PlyCount "52"]
[EventDate "2013.09.17"]
[EventType "tourn (corr)"]
[EventRounds "6"]
[EventCountry "GER"]
[SourceTitle "Telechess CBM 167"]
[Source "ChessBase"]
[SourceDate "2015.07.13"]
[SourceVersion "1"]
[SourceVersionDate "2015.07.13"]
[SourceQuality "1"]

1. e4 d6 2. d4 Nf6 3. Nc3 g6 4. f3 c6 5. Be3 b5 6. Qd2 Nbd7 7. g4 Bg7 8. h4 h5 9. g5 Nh7 10. d5 b4 11. dxc6 bxc3 12. cxd7+ Bxd7 13. bxc3 Qa5 14. Bd4 0-0 15. Ne2 Rfc8 16. Bxg7 Kxg7 17. c4 Qxd2+ 18. Kxd2 Rxc4 19. Nf4 Rc5 20. Rb1 e5 21. Nd5 Nf8 22. Bd3 Bc6 23. Nf6 Rc8 24. Rb3 Nd7 25. Nxd7 Bxd7 26. Ra3 R8c7 1/2-1/2

[Event "RA-2013-0-00294"]
[Site "LSS email"]
[Date "2013.10.19"]
[Round "?"]
[White "Keevil, Paul"]
[Black "Torell, Harald"]
[Result "1/2-1/2"]
[WhiteElo "2100"]
[BlackElo "1962"]
[PlyCount "55"]
[EventDate "2013.09.17"]
[EventType "tourn (corr)"]
[EventRounds "6"]
[EventCountry "GER"]
[SourceTitle "Telechess CBM 167"]
[Source "ChessBase"]
[SourceDate "2015.07.13"]
[SourceVersion "1"]
[SourceVersionDate "2015.07.13"]
[SourceQuality "1"]

1. d4 Nf6 2. Nc3 d6 3. e4 g6 4. f4 Bg7 5. Nf3 c5 6. Bb5+ Bd7 7. e5 Ng4 8. Bxd7+ Qxd7 9. h3 cxd4 10. Qxd4 Nc6 11. Qd3 Nh6 12. Be3 Nf5 13. 0-0-0 0-0-0 14. g4 Nxe3 15. Qxe3 Qc7 16. Ng5 dxe5 17. Nxf7 Rxd1+ 18. Rxd1 Rf8 19. Nd5 Qa5 20. Nxe5 Bxe5 21. fxe5 Rd8 22. Qb3 Qc5 23. Qf3 e6 24. Nc3 Rxd1+ 25. Kxd1 Qxe5 26. b3 a6 27. Kc1 h5 28. gxh5 1/2-1/2

[Event "SA-2013-0-00362"]
[Site "LSS email"]
[Date "2013.08.19"]
[Round "?"]
[White "Milde, Lars"]
[Black "Torell, Harald"]
[Result "0-1"]
[WhiteElo "2063"]
[BlackElo "2232"]
[PlyCount "72"]
[EventDate "2013.08.03"]
[EventType "tourn (corr)"]
[EventRounds "6"]
[EventCountry "GER"]
[SourceTitle "Corr 2022"]
[Source "ChessBase"]
[SourceDate "2021.10.24"]
[SourceVersion "1"]
[SourceVersionDate "2021.10.24"]
[SourceQuality "1"]

1. e4 d6 2. d4 Nf6 3. Nc3 g6 4. f3 a6 5. Be3 b5 6. Qd2 Nbd7 7. g4 h6 8. 0-0-0 Nb6 9. Bd3 Bb7 10. h4 h5 11. g5 Nfd7 12. a3 c5 13. dxc5 dxc5 14. Rh3 Qc7 15. f4 Rd8 16. e5 e6 17. Nge2 Be7 18. Qe1 0-0 19. Kb1 Bc6 20. Ng3 Qb7 21. Nxh5 gxh5 22. Qe2 Kg7 23. Qxh5 Rh8 24. Qg4 c4 25. Be2 Na4 26. Bd4 Nxc3+ 27. Rxc3 Be4 28. Bf3 Nf8 29. h5 Bxf3 30. Rxf3 Qe4 31. Re3 Qf5 32. Qf3 a5 33. Ree1 b4 34. axb4 axb4 35. Qe2 Rc8 36. h6+ Kh7 0-1

[Event "SA-2013-0-00362"]
[Site "LSS email"]
[Date "2013.08.19"]
[Round "?"]
[White "Torell, Harald"]
[Black "Rasumov, Aleksandr"]
[Result "1-0"]
[WhiteElo "2232"]
[BlackElo "2100"]
[PlyCount "71"]
[EventDate "2013.08.03"]
[EventType "tourn (corr)"]
[EventRounds "6"]
[EventCountry "GER"]
[SourceTitle "Corr 2022"]
[Source "ChessBase"]
[SourceDate "2021.10.24"]
[SourceVersion "1"]
[SourceVersionDate "2021.10.24"]
[SourceQuality "1"]

1. e4 c5 2. Nf3 d6 3. d4 cxd4 4. Nxd4 Nf6 5. Nc3 a6 6. h3 h6 7. g4 e6 8. Bg2 Be7 9. Be3 Nfd7 10. Qe2 Nb6 11. 0-0-0 Bd7 12. h4 Qc7 13. f4 Nc4 14. Bf2 b5 15. e5 d5 16. Nxd5 exd5 17. e6 Qxf4+ 18. Kb1 Qe5 19. exd7+ Nxd7 20. Rhe1 0-0 21. Qf1 Qf6 22. Bxd5 Bb4 23. c3 Bxc3 24. bxc3 Rac8 25. g5 Qf4 26. Nc6 Na3+ 27. Kb2 Nc4+ 28. Ka1 Rxc6 29. Bxc6 Nde5 30. Bd5 h5 31. Re4 Qh2 32. Qe2 Ng6 33. Re8 Nd6 34. Rxf8+ Nxf8 35. Qf3 Ng6 36. Bg3 1-0

[Event "SA-2013-0-00362"]
[Site "LSS email"]
[Date "2013.08.19"]
[Round "?"]
[White "Van Bommel, Ton"]
[Black "Torell, Harald"]
[Result "1/2-1/2"]
[WhiteElo "2148"]
[BlackElo "2232"]
[PlyCount "46"]
[EventDate "2013.08.03"]
[EventType "tourn (corr)"]
[EventRounds "6"]
[EventCountry "GER"]
[SourceTitle "Corr 2022"]
[Source "ChessBase"]
[SourceDate "2021.10.24"]
[SourceVersion "1"]
[SourceVersionDate "2021.10.24"]
[SourceQuality "1"]

1. e4 d6 2. d4 Nf6 3. Nc3 g6 4. Nf3 Bg7 5. Be2 0-0 6. 0-0 a6 7. a4 Nc6 8. Bf4 Re8 9. Re1 Bg4 10. d5 Bxf3 11. Bxf3 Ne5 12. Be2 c6 13. Ra3 Nfd7 14. Be3 cxd5 15. exd5 Rc8 16. Rb3 Nc4 17. Bd4 Bxd4 18. Qxd4 Na5 19. Rb4 e5 20. dxe6 Rxe6 21. Qd2 Nf6 22. Rd1 d5 23. Bf1 Re5 1/2-1/2

[Event "RA-2013-0-00283"]
[Site "LSS email"]
[Date "2013.08.08"]
[Round "?"]
[White "Khan, Valery"]
[Black "Torell, Harald"]
[Result "1/2-1/2"]
[WhiteElo "2212"]
[BlackElo "2115"]
[PlyCount "58"]
[EventDate "2013.07.14"]
[EventType "tourn (corr)"]
[EventRounds "6"]
[EventCountry "GER"]
[SourceTitle "Telechess CBM 163"]
[Source "ChessBase"]
[SourceDate "2014.11.11"]
[SourceVersion "2"]
[SourceVersionDate "2014.11.11"]
[SourceQuality "1"]

1. e4 d6 2. d4 Nf6 3. Nc3 g6 4. h3 Bg7 5. Nf3 0-0 6. Bg5 Nc6 7. d5 Nb8 8. Be2 c6 9. 0-0 Nbd7 10. Re1 Re8 11. Qd2 Nc5 12. Qe3 Qb6 13. Rab1 h6 14. Bxh6 Ncxe4 15. Nxe4 Nxe4 16. Qxe4 Bxh6 17. Bc4 cxd5 18. Qh4 Kg7 19. Bxd5 e6 20. Bb3 Bd7 21. Rbd1 Rad8 22. Nd2 d5 23. Nf3 Rh8 24. Ne5 Be3 25. Qg3 Bc5 26. c4 d4 27. Qf3 Be8 28. Ba4 f6 29. Bxe8 Rhxe8 1/2-1/2

[Event "RA-2013-0-00283"]
[Site "LSS email"]
[Date "2013.08.08"]
[Round "?"]
[White "Kudr, Roman"]
[Black "Torell, Harald"]
[Result "1-0"]
[WhiteElo "2095"]
[BlackElo "2115"]
[PlyCount "123"]
[EventDate "2013.07.14"]
[EventType "tourn (corr)"]
[EventRounds "6"]
[EventCountry "GER"]
[SourceTitle "Telechess CBM 163"]
[Source "ChessBase"]
[SourceDate "2014.11.11"]
[SourceVersion "2"]
[SourceVersionDate "2014.11.11"]
[SourceQuality "1"]

1. Nf3 f5 2. g3 Nf6 3. Bg2 d6 4. d4 g6 5. 0-0 Bg7 6. c4 0-0 7. Nc3 c6 8. Qb3 Qb6 9. Qc2 Na6 10. Rd1 Be6 11. b3 h6 12. Bb2 Rae8 13. e3 Kh7 14. Re1 d5 15. Ne5 Ne4 16. c5 Qd8 17. Nd3 g5 18. Ne2 g4 19. Nef4 Nc7 20. h3 Qc8 21. Nxe6 Nxe6 22. hxg4 fxg4 23. Bxe4+ dxe4 24. Nf4 Ng5 25. Kg2 Qf5 26. Rh1 e5 27. dxe5 Nh3 28. Rad1 Bxe5 29. Bxe5 Rxe5 30. b4 a5 31. a3 axb4 32. axb4 Ree8 33. Rd6 Rf6 34. Qc4 Re7 35. Qd4 Rff7 36. Rd1 Re8 37. b5 Nxf4+ 38. gxf4 cxb5 39. Rd5 Qg6 40. Rh1 g3 41. Rg5 Qf6 42. fxg3 Qxd4 43. exd4 Ra8 44. Kf2 Rf6 45. Re5 b6 46. Ke3 bxc5 47. dxc5 Ra4 48. Rxe4 Kg6 49. Rd1 h5 50. Re5 Ra3+ 51. Rd3 b4 52. Rg5+ Kf7 53. Rxh5 Rg6 54. Rf5+ Ke7 55. Re5+ Kf6 56. Kd4 Rxd3+ 57. Kxd3 Rxg3+ 58. Kc4 Rf3 59. Re4 Kf5 60. Rd4 b3 61. c6 Rf1 62. Kxb3 1-0

[Event "RA-2013-0-00281"]
[Site "LSS email"]
[Date "2013.07.30"]
[Round "?"]
[White "Husemann, Andreas"]
[Black "Torell, Harald"]
[Result "1/2-1/2"]
[WhiteElo "2113"]
[BlackElo "2115"]
[PlyCount "46"]
[EventDate "2013.06.28"]
[EventType "tourn (corr)"]
[EventRounds "6"]
[EventCountry "GER"]
[SourceTitle "Telechess CBM 163"]
[Source "ChessBase"]
[SourceDate "2014.11.11"]
[SourceVersion "2"]
[SourceVersionDate "2014.11.11"]
[SourceQuality "1"]

1. d4 d6 2. e4 Nf6 3. Nc3 g6 4. f4 Bg7 5. Nf3 c5 6. Bb5+ Bd7 7. e5 Ng4 8. Bxd7+ Qxd7 9. d5 dxe5 10. h3 e4 11. Nxe4 Nf6 12. Nxf6+ Bxf6 13. 0-0 0-0 14. Be3 Bxb2 15. Rb1 Bg7 16. Bxc5 Rd8 17. Bd4 Bxd4+ 18. Qxd4 Qxd5 19. Qxd5 Rxd5 20. Rxb7 Kf8 21. c4 Rd7 22. Rfb1 Rxb7 23. Rxb7 Nc6 1/2-1/2

[Event "RA-2013-0-00281"]
[Site "LSS email"]
[Date "2013.07.30"]
[Round "?"]
[White "Spirin, Anatoly"]
[Black "Torell, Harald"]
[Result "1/2-1/2"]
[WhiteElo "2079"]
[BlackElo "2115"]
[PlyCount "49"]
[EventDate "2013.06.28"]
[EventType "tourn (corr)"]
[EventRounds "6"]
[EventCountry "GER"]
[SourceTitle "Telechess CBM 163"]
[Source "ChessBase"]
[SourceDate "2014.11.11"]
[SourceVersion "2"]
[SourceVersionDate "2014.11.11"]
[SourceQuality "1"]

1. e4 d6 2. d4 Nf6 3. Nc3 g6 4. f4 Bg7 5. Nf3 c5 6. Bb5+ Bd7 7. e5 Ng4 8. Bxd7+ Qxd7 9. h3 cxd4 10. Qxd4 Nc6 11. Qd3 Nh6 12. Be3 Nf5 13. 0-0-0 0-0-0 14. g4 Nxe3 15. Qxe3 Qc7 16. Ng5 dxe5 17. Nxf7 Rxd1+ 18. Rxd1 Rf8 19. Nd5 Qa5 20. Nxe5 Bxe5 21. fxe5 Rd8 22. Qb3 Qc5 23. Qf3 e6 24. Nc3 Rxd1+ 25. Kxd1 1/2-1/2